Music Quiz

Random Music or Artist Quiz

Opening Lyrics Quiz Stats

 Plays Quiz Updated Dec 8, 2016

     
Support Sporcle.
Go Orange.
Score 0/19 Timer 07:00
10 Plays Today
Lyric Song Title % Correct
There's a lady who's sure all that glitters is goldStairway to Heaven
73.5%
Hello, Darkness, my old friendThe Sound of Silence
62.6%
She was more like a beauty queen from a movie sceneBillie Jean
60.2%
Sittin' in the morning sun, I`ll be sittin' when the evening come(Sittin' On) The Dock Of The Bay
53.9%
Well, since my baby left me, I found a new place to dwellHeartbreak Hotel
49.8%
You were working as a waitress in a cocktail barDon't You Want Me
46.4%
So, so you think you can tell heaven from hell, blue skies from painWish You Were Here
45.1%
Well, I guess it would be nice if I could touch your bodyFaith
44.5%
There must be some way out of here, said the joker to the thiefAll Along the Watchtower
43.9%
Well, she was just seventeen, you know what I meanI Saw Her Standing There
38.1%
Lyric Song Title % Correct
You never close your eyes anymore when I kiss your lipsYou've Lost That Lovin' Feelin'
36.5%
I met her in a club down in old SohoLola
35.9%
In the time of chimpanzees I was a monkeyLoser
35.7%
Load up on guns, bring your friendsSmells Like Teen Spirit
34.3%
I was born in a cross-fire hurricaneJumpin' Jack Flash
28.7%
You could have a steam train, if you'd just lay down your tracksSledgehammer
27.5%
I guess I shoulda known by the way you parked your car sidewaysLittle Red Corvette
22.6%
Don't call it a comebackMama Said Knock You Out!
18.4%
God money I'll do anything for youHead Like a Hole
7.9%

From the Vault

Arctic Ocean Countries

by teggers

Geography 60s
These countries are hogging the polar bears all to themselves.
Remove Ads.
Support Sporcle.
Get the best of Sporcle when you Go Orange. This ad-free experience offers more features, more stats, and more fun while also helping to support Sporcle. Thank you for becoming a member.

Show Comments

Extras

Top Quizzes Today


Score Distribution

Your Account Isn't Verified!

In order to create a playlist on Sporcle, you need to verify the email address you used during registration. Go to your Sporcle Settings to finish the process.

Report this User

Report this user for behavior that violates our Community Guidelines.

Details: